Państwa obu Ameryk #2 - Statystyki

Ogólne statystyki
  • Ten quiz został rozwiązany 51 razy
  • Średni wynik to 11 z 15
Statystyki odpowiedzi
Podpowiedź Państwo % Poprawnych
Ma 50 gwiazdek na fladze USA
98%
Państwo najbardziej wysunięte na południe Chile
94%
Nazwa z hiszpańskiego oznacza "równik" Ekwador
83%
Do 2016 rządził tu Fidel Castro Kuba
79%
Do regionów należą m.in. Oaxaca, Yukatan i Chihuahua Meksyk
77%
Ma 2 stolice Boliwia
74%
Państwo z najsłabszą walutą Wenezuela
72%
Stolicą jest Port-au-Prince Haiti
70%
Językiem urzędowym jest holenderskim Surinam
68%
Stolicą jest San José Kostaryka
66%
Imię świętego w nazwie Saint Vincent i Grenadyny
66%
Czarny pas na białym pasie na czerwonym tle Trynidad i Tobago
64%
Najmniejsze państwo w całej Ameryce Saint Kitts i Nevis
60%
Walutą i ptakiem narodowym tego kraju jest kwezal Gwatemala
57%
Stolicą jest Saint Johns Antigua i Barbuda
55%
Nie znaleziono quizów pasujących do podanych kryteriów
Rozkład punktacji
Procent ludzi z każdym wynikiem
Percentyl według liczby udzielonych odpowiedzi
Twoja historia wyników
Nie rozwiązałeś tego quizu